000 02413nam0a2200457 4500
001 RU\NLR\bibl\1781870
005 20260405064458.0
010 _a978-5-09-022679-0
_91000
021 _aRU
_b2011-25383
_9288д/11
035 _a(NLR Aleph) 001772620
090 _a1647420
_c1647420
100 _a20110615d2011 |||y0rusy50 ca
101 0 _arus
_afre
102 _aRU
105 _ay |||||||||
200 1 _aФранцузский язык
_eкнига для учителя
_e10 класс
_eпособие для учащихся общеобразовательных учреждений и школ с углубленным изучением французского языка
_fГ.И. Бубнова, А.Н. Тарасова, Э. Лонэ
205 _a2-е изд.
210 _aМосква
_cПросвещение
_d2011
215 _a158 с.
_d21
225 1 _aMéthode de français
300 _aНа обл.: Le français en perspective: X / G. Boubnova, A. Tarassova, E. Launay
512 1 _6z45790
_aLe français en perspective
_eX
606 1 _aФранцузский язык
_jУчебные издания
_xПреподавание
_xСредняя школа
_92153229
_3RU\NLR\auth\661296495
606 1 _aФранцузский язык
_jУчебные издания для средней школы
_91524672
_3RU\NLR\auth\66964829
606 1 _aФранцузский язык
_jУчебные издания для специализированных учебных заведений
_91524672
_3RU\NLR\auth\66964829
686 _aЧ426.179Фр.2(2)я7
686 _aШ147.11-93рус21[10]
686 _aШ147.11-93рус221[10]
700 1 _4070
_8rus
_7ca
_aБубнова
_bГ.И.
_f1945-
_gГалина Ильинична
_3RU\NLR\auth\7722563
_95620
701 1 _4070
_8rus
_7ca
_aТарасова
_bА. Н.
_cд-р филол. наук, французский язык
_gАнна Николаевна
_3RU\NLR\auth\7722566
_95623
701 1 _aЛонэ
_bЭ.
_gЭлизабет
_4070
790 1 _4070
_8rus
_7ba
_aBubnova
_bG.I.
_f1945-
_gGalina Il'inična
_3RU\NLR\auth\7722564
_95621
801 0 _aRU
_bЛИБНЕТ
_c20110615
_gRCR
801 1 _aRU
_bЛИБНЕТ
_c20110615
801 2 _aRU
_bВладимирская ОУНБ
_c20110815
_gRCR
801 1 _aRU
_bРГБ
_c20110615
801 2 _aRU
_bNLR
_c20110621
_grcr
942 _cBOOK
980 _aNB
980 _aNBR